Detalles MARC
| 000 -ENCABEZADO |
| Número de control [NR] |
02800nam a2200313Ia 4500 |
| 005 - FECHA Y HORA DE LA ÚLTIMA TRANSACCIÓN |
| control field |
20150325140247.0 |
| 008 - DE LONGITUD FIJA DE DATOS DE ELEMENTOS - INFORMACIÓN GENERAL |
| Elementos de longitud fija [NR] |
130821s xx a gs spa |
| 040 ## - FUENTE DE CATALOGACION [NR] |
| Agencia de catalogación original [NR] |
Co-BoUCM |
| Idioma de catalogación [NR] |
spa |
| Quien Cataloga |
Aldrin Díaz (modificó) |
| 041 00 - CODIGO DE IDIOMA [R] |
| Código de idioma para texto/pista de sonido o título separado [R] |
Español |
| 092 ## - SIGNATURA TOPOGRAFICA LOCAL |
| Número de clasificación local |
DVD 0230 |
| 245 13 - MENCION DE TITULO [NR] |
| Título [NR] |
El ilusionista nada es lo que parece |
| Mención de responsabilidad, etc. [NR] |
[DVD] |
| 246 ## - FORMA VARIANTE DEL TITULO [R] |
| Título propiamente dicho/forma breve del título [NR] |
[s.l.] |
| Parte restante del título [NR] |
Yari Film Group Realising |
| 260 ## - PUBLICACION, DISTRIBUCION, ETC. (PIE DE IMPRENTA) [R] |
| Lugar de publicación, distribución, etc. [R] |
[Lugar desconocido] |
| Nombre del editor, distribuidor, etc. [R] |
[Editorial desconocida] |
| Fecha de publicación, distribución, etc. [R] |
[fecha desconocida] |
| 300 ## - DESCRIPCION FISICA [R] |
| Extensión [R] |
1 DVD |
| Otros detalles físicos [NR] |
son., color |
| 500 ## - NOTA GENERAL [R] |
| Nota general [NR] |
SINOPSIS : Cuando Eisenheim (Edward Norton) comienza a actuar con su asombroso espectáculo de ilusionista en Viena, pronto corre la voz sobre sus poderes sobrenaturales llegando a oídos de uno de los hombres más poderosos y pragmáticos de Europa, el príncipe heredero Leopold (Rufus Sewell). Convencido de que el mago no es más que un experto impostor, Leopold asiste a uno de los espectáculos de Eisenheim. Pero cuando la bella prometida del príncipe, Sophie von Teschen (Jessica Biel), aparece, Eisenheim y Sophie se reconocen de la infancia y un amor latente revive. Con Eisenheim y Leopold luchando por el afecto de Sophie, pronto se hará evidente que ambos están dispuestos a no poner límites para reivindicar y mantener su amor. La relación clandestina continúa y el inspector de policía Uhl (Paul Giamatti) tiene como misión, por órdenes de Leopold, desenmascarar a Eisenheim, por lo que intensifica sus esfuerzos a pesar de que el mago sigue cosechando grandes éxitos entre su público. Mientras que Uhl insiste tenazmente en descubrir los trucos de este hombre, Eisenheim prepara su número más ambicioso. |
| 508 ## - NOTA DE CREDITOS DE CREACION/PRODUCCION [R] |
| Nota de créditos de creación/producción [NR] |
CREDITOS : Dirección, Neil Burger; Guión, Neil Burger; basado en el relato corto "Eisenheim, The illusionist" de Steven Millhauser; Producción, Michael London, Brian Koppelman, David Levien, Bob Yari y Cathy Schulman; Música, Philip Glass; Fotografía, Dick Pope; Montaje, Naomi Geraghty; Diseño de producción, Ondrej Nekvasil; Vestuario, Ngila Dickson. |
| 511 ## - NOTA DE PARTICIPANTE O INTERPRETE [R] |
| Nota de participante o intérprete [NR] |
Edward Norton (Eisenheim), Paul Giamatti (inspector Uhl), Jessica Biel (Sophie von Teschen), Rufus Sewell (príncipe Leopold), Eddie Marsan (Josef Fischer), Jake Wood (Jurka), Tom Fisher (Wiligut), Karl Johnson (doctor). |
| 546 ## - NOTA DE IDIOMA [R] |
| Nota de idioma [NR] |
Audio en Inglés. Subtítulos en Español. |
| 650 04 - ASIENTO SECUNDARIO DE MATERIA - TERMINO TEMATICO [R] |
| Término temático o nombre geográfico como elemento de entrada [NR] |
Alucinaciones e ilusiones |
| Subdivisión de forma [R] |
DVD |
| 9 (RLIN) |
8882 |
| 650 04 - ASIENTO SECUNDARIO DE MATERIA - TERMINO TEMATICO [R] |
| Término temático o nombre geográfico como elemento de entrada [NR] |
Entretenimiento |
| 9 (RLIN) |
26487 |
| 650 04 - ASIENTO SECUNDARIO DE MATERIA - TERMINO TEMATICO [R] |
| Término temático o nombre geográfico como elemento de entrada [NR] |
Magia en el cine |
| Subdivisión de forma [R] |
DVD |
| 9 (RLIN) |
18864 |
| 650 04 - ASIENTO SECUNDARIO DE MATERIA - TERMINO TEMATICO [R] |
| Término temático o nombre geográfico como elemento de entrada [NR] |
Películas cinematográficas |
| Subdivisión geográfica [R] |
Estados Unidos |
| Subdivisión de forma [R] |
DVD |
| 9 (RLIN) |
51326 |
| 700 1# - ASIENTO SECUNDARIO - NOMBRE PERSONAL [R] |
| Nombre personal [NR] |
Burger, Neil |
| 9 (RLIN) |
68139 |
| 710 2# - ASIENTO SECUNDARIO - NOMBRE CORPORATIVO [R] |
| Nombre corporativo o de jurisdicción como elemento de entrada [NR] |
Bob Yari Productions |
| 9 (RLIN) |
66844 |
| 710 2# - ASIENTO SECUNDARIO - NOMBRE CORPORATIVO [R] |
| Nombre corporativo o de jurisdicción como elemento de entrada [NR] |
Yari Film Group Realising |
| 9 (RLIN) |
68140 |
| 765 ## - ASIENTO DE IDIOMA ORIGINAL [R] |
| Título [NR] |
The illusionist |
| 856 04 - LOCALIZACION Y ACCESO ELECTRONICOS [R] |
| Identificador Uniforme del Recurso (“URI”) [R] |
<a href="https://www.youtube.com/watch?v=bQZANgcq7ho">https://www.youtube.com/watch?v=bQZANgcq7ho</a> |
| Nota dirigida al público [R] |
Siga este vínculo para ver el trailer. |
| 942 ## - ELEMENTOS DE ENTRADA AGREGADOS (KOHA) |
| Koha item type |
Multimedia |
| Source of classification or shelving scheme |
LOCAL |
| Tema principal |
Entretenimiento |
| Edition |
1 |